00846cam a2200253 a 45000010008000000030005000080050017000130080041000300100017000710200022000880400019001100500021001290820016001502450101001662600042002673000035003094900033003445040030003776500025004077000039004327000038004717000031005098300052005402350924Nust20170306151434.0830809s1984 maua b 000 0 eng  a 83017541  a978-0-86542-889-8 aDLCcASABdDLC00aQH371b.M75 198400a578 PAG21900aMolecular evolution :ban annotated reader /c[edited by] E.A. Terzaghi, A.S. Wilkins, D. Penny. aBoston :bJones and Bartlett,cc1984. axiii, 346 p. :bill. ;c29 cm.1 aA Series of books in biology aBibliography: p. 373-388. 0aMolecular evolution.1 aTerzaghi, E. A.q(Eric A.),d1936-1 aWilkins, A. S.q(Adam S.),d1945-1 aPenny, D.q(David),d1938- 0aSeries of books in biology (Jones and Bartlett)